01006nam a22002057a 450000500170000000800410001702000180005804000070007604100120008308200210009510000200011624500870013626000500022330000260027336500160029952004270031565000190074265000170076170000220077820220516120031.0220516b ||||| |||| 00| 0 eng d a9780002161336 cAL aEnglish 223a909.08bBRAC aFernand Braudel aCivilization and Capitalism 15th-18th Century Vol III:The Perspective of the World aLondonbWilliam Collins Sons and Co Ltdc1985 a699 p.bHBc23x17 cm. c£d£20.00 aThe concluding volume of the trilogy charts the growth of the world economy from the fifteenth to the eighteenth century concentrating on the human activity that underlies the business of life - the bustle of the market, the great manipulators of capital, the labour of the slave, the peasant and factory workers, the fashions of the rich and the rise of the great financial centres of Genoa, Venice, Amsterdam and London. aSocial History aCivilization aBRAUDEL (Fernand)